[Event "C10"]
[Site "?"]
[Date "2020.08.30"]
[Round "9.5"]
[White "Witczak, Borys"]
[Black "Grobelny, Mikolaj"]
[Result "0-1"]
[BlackElo "1134"]
[WhiteElo "1053"]
[LiveChessVersion "1.4.8"]

1. e4 {[%clk 0:03:03]} c5 {[%clk 0:03:04]} 2. Nf3 {[%clk 0:03:05]} e6
{[%clk 0:03:05]} 3. d4 {[%clk 0:03:06]} cxd4 {[%clk 0:03:06]} 4. Nxd4
{[%clk 0:03:07]} a6 {[%clk 0:03:07]} 5. Nc3 {[%clk 0:03:07]} b5 {[%clk 0:03:09]}
6. Be3 {[%clk 0:03:06]} Bb7 {[%clk 0:03:09]} 7. f3 {[%clk 0:03:07]} Qc7
{[%clk 0:03:05]} 8. Qd2 {[%clk 0:03:07]} Nf6 {[%clk 0:03:01]} 9. O-O-O
{[%clk 0:03:07]} Be7 {[%clk 0:02:50]} 10. g4 {[%clk 0:03:07]} b4 {[%clk 0:01:49]}
11. Na4 {[%clk 0:02:51]} d5 {[%clk 0:01:48]} 12. exd5 {[%clk 0:02:35]} Nxd5
{[%clk 0:01:32]} 13. h4 {[%clk 0:02:21]} Nd7 {[%clk 0:01:10]} 14. Nb3
{[%clk 0:01:28]} Rc8 {[%clk 0:00:52]} 15. Bd3 {[%clk 0:01:08]} Ne5 16. Na1
{[%clk 0:00:25]} Nxe3 {[%clk 0:00:22]} 17. Qxe3 {[%clk 0:00:22]} Bxf3
{[%clk 0:00:21]} 18. Bxa6 {[%clk 0:00:17]} Ra8 {[%clk 0:00:10]} 19. Bb5+
{[%clk 0:00:18]} Kf8 {[%clk 0:00:09]} 20. Rhf1 {[%clk 0:00:08]} Bxd1
{[%clk 0:00:09]} 21. Qf4 {[%clk 0:00:06]} Bxg4 {[%clk 0:00:04]} 22. Bd3
{[%clk 0:00:03]} f6 {[%clk 0:00:05]} 23. Qe4 {[%clk 0:03:02]} 0-1

[Event "C10"]
[Site "?"]
[Date "2020.08.30"]
[Round "9.6"]
[White "Komendecki, Grzegorz"]
[Black "Butkiewicz, Jan"]
[Result "1/2-1/2"]
[BlackElo "1300"]
[WhiteElo "1154"]
[LiveChessVersion "1.4.8"]

1. e4 {[%clk 0:03:03]} c5 {[%clk 0:03:03]} 2. Nf3 {[%clk 0:03:01]} Nc6
{[%clk 0:03:04]} 3. d4 {[%clk 0:03:03]} cxd4 {[%clk 0:03:05]} 4. Nxd4
{[%clk 0:03:03]} Nf6 {[%clk 0:03:06]} 5. Nc3 {[%clk 0:03:02]} e6 {[%clk 0:03:07]}
6. f3 {[%clk 0:02:55]} Bb4 {[%clk 0:03:06]} 7. Be3 {[%clk 0:02:49]} Qa5
{[%clk 0:03:00]} 8. Qd3 {[%clk 0:02:21]} d5 {[%clk 0:02:49]} 9. Nxc6
{[%clk 0:01:39]} bxc6 {[%clk 0:02:46]} 10. exd5 {[%clk 0:01:38]} Nxd5
{[%clk 0:01:36]} 11. Bd2 {[%clk 0:01:35]} Nxc3 {[%clk 0:01:24]} 12. Bxc3
{[%clk 0:01:28]} Bxc3+ {[%clk 0:01:25]} 13. Qxc3 {[%clk 0:01:13]} Qxc3+
{[%clk 0:01:23]} 14. bxc3 {[%clk 0:01:14]} Rb8 {[%clk 0:01:00]} 15. Kd2
{[%clk 0:01:10]} Ke7 {[%clk 0:00:57]} 16. Bd3 {[%clk 0:01:06]} Rd8
{[%clk 0:00:46]} 17. Ke2 {[%clk 0:00:57]} e5 {[%clk 0:00:27]} 18. Rab1
{[%clk 0:00:55]} Be6 {[%clk 0:00:26]} 19. a3 {[%clk 0:00:49]} f6 {[%clk 0:00:19]}
20. Rb4 {[%clk 0:00:38]} Rb6 {[%clk 0:00:06]} 21. Rhb1 {[%clk 0:00:36]} Rdb8
{[%clk 0:00:06]} 22. Rxb6 {[%clk 0:00:34]} Rxb6 {[%clk 0:00:07]} 23. Rxb6
{[%clk 0:00:35]} axb6 {[%clk 0:00:09]} 24. g4 {[%clk 0:00:21]} Kd6
{[%clk 0:00:09]} 25. Bxh7 {[%clk 0:00:20]} Kc5 {[%clk 0:00:08]} 26. Kd2
{[%clk 0:00:15]} Kb5 {[%clk 0:00:09]} 27. Be4 {[%clk 0:00:15]} c5
{[%clk 0:00:10]} 28. Kc1 {[%clk 0:00:13]} Ka4 {[%clk 0:00:11]} 29. Kb2
{[%clk 0:00:15]} Bf7 {[%clk 0:00:08]} 30. h4 {[%clk 0:00:14]} Be6
{[%clk 0:00:08]} 31. g5 {[%clk 0:00:15]} fxg5 {[%clk 0:00:08]} 32. hxg5
{[%clk 0:00:16]} Bf7 {[%clk 0:00:07]} 33. g6 {[%clk 0:00:17]} Be6
{[%clk 0:00:08]} 34. Bd3 {[%clk 0:00:14]} Bd5 {[%clk 0:00:07]} 35. Be4
{[%clk 0:00:10]} Bxe4 {[%clk 0:00:08]} 36. fxe4 {[%clk 0:00:11]} b5
{[%clk 0:00:08]} 37. Ka2 {[%clk 0:00:11]} c4 {[%clk 0:00:07]} 38. Kb2
{[%clk 0:00:11]} Ka5 {[%clk 0:00:08]} 39. Ka2 {[%clk 0:00:12]} Kb6
{[%clk 0:00:06]} 40. Kb2 {[%clk 0:00:12]} Ka5 {[%clk 0:00:06]} 41. Ka2
{[%clk 0:00:11]} Ka4 {[%clk 0:00:05]} 42. Kb2 {[%clk 0:00:12]} Ka5
{[%clk 0:00:06]} 43. Ka2 {[%clk 0:00:14]} Kb6 {[%clk 0:00:08]} 44. Kb2
{[%clk 0:00:15]} Ka5 {[%clk 0:00:07]} 45. Ka2 {[%clk 0:00:15]} 1/2-1/2

[Event "C10"]
[Site "?"]
[Date "2020.08.30"]
[Round "9.7"]
[White "Dunda, Szymon"]
[Black "Jasiulewicz, Kamil"]
[Result "1-0"]
[BlackElo "1381"]
[WhiteElo "1283"]
[LiveChessVersion "1.4.8"]

1. e4 {[%clk 0:03:03]} e5 {[%clk 0:03:02]} 2. Nf3 {[%clk 0:03:03]} Nf6
{[%clk 0:03:03]} 3. Nc3 {[%clk 0:02:59]} Nc6 {[%clk 0:03:03]} 4. Bc4
{[%clk 0:02:59]} Be7 {[%clk 0:03:04]} 5. d3 {[%clk 0:02:59]} d6 {[%clk 0:03:05]}
6. O-O {[%clk 0:02:54]} O-O {[%clk 0:03:05]} 7. h3 {[%clk 0:02:51]} h6
{[%clk 0:02:57]} 8. Be3 {[%clk 0:02:45]} Be6 {[%clk 0:02:56]} 9. Bb3
{[%clk 0:02:44]} d5 {[%clk 0:02:56]} 10. exd5 {[%clk 0:02:39]} Nxd5
{[%clk 0:02:56]} 11. Nxd5 {[%clk 0:02:39]} Bxd5 {[%clk 0:02:57]} 12. Bxd5
{[%clk 0:02:40]} Qxd5 {[%clk 0:02:58]} 13. Re1 {[%clk 0:02:36]} Bf6
{[%clk 0:02:58]} 14. Qe2 {[%clk 0:02:25]} e4 {[%clk 0:02:56]} 15. dxe4
{[%clk 0:02:25]} Qxe4 {[%clk 0:02:56]} 16. c3 {[%clk 0:02:24]} Rad8
{[%clk 0:02:55]} 17. Rad1 {[%clk 0:02:23]} Ne5 {[%clk 0:02:56]} 18. Nxe5
{[%clk 0:02:23]} Bxe5 {[%clk 0:02:52]} 19. Qb5 {[%clk 0:02:19]} a6
{[%clk 0:02:43]} 20. Qb3 {[%clk 0:02:18]} Bd6 {[%clk 0:02:23]} 21. Bg5
{[%clk 0:02:07]} Qc6 {[%clk 0:02:00]} 22. Bxd8 {[%clk 0:02:07]} Rxd8
{[%clk 0:02:00]} 23. Qc2 {[%clk 0:02:03]} g6 {[%clk 0:01:52]} 24. g3
{[%clk 0:01:54]} Qf3 {[%clk 0:01:49]} 25. Qe4 {[%clk 0:01:52]} Qxe4
{[%clk 0:01:42]} 26. Rxe4 {[%clk 0:01:53]} b6 {[%clk 0:01:38]} 27. Red4
{[%clk 0:01:51]} Kg7 {[%clk 0:01:38]} 28. Kg2 {[%clk 0:01:52]} f5
{[%clk 0:01:32]} 29. c4 {[%clk 0:01:51]} Kf7 {[%clk 0:01:30]} 30. b4
{[%clk 0:01:43]} Re8 {[%clk 0:01:25]} 31. c5 {[%clk 0:01:38]} bxc5
{[%clk 0:01:18]} 32. bxc5 {[%clk 0:01:39]} Bxc5 {[%clk 0:01:15]} 33. Rd7+
{[%clk 0:01:39]} Kf6 {[%clk 0:01:15]} 34. Rxc7 {[%clk 0:01:39]} Bb4
{[%clk 0:01:10]} 35. Rc6+ {[%clk 0:01:38]} Re6 {[%clk 0:01:05]} 36. Rxe6+
{[%clk 0:01:37]} Kxe6 {[%clk 0:01:05]} 37. Kf3 {[%clk 0:01:38]} a5
{[%clk 0:01:07]} 38. Rc1 {[%clk 0:01:37]} Kd7 {[%clk 0:01:05]} 39. Rc4
{[%clk 0:01:33]} Ke6 {[%clk 0:00:57]} 40. Rc8 {[%clk 0:01:32]} h5
{[%clk 0:00:54]} 41. h4 {[%clk 0:01:27]} Ba3 {[%clk 0:00:52]} 42. Rc6+
{[%clk 0:01:21]} Kf7 {[%clk 0:00:50]} 43. Kf4 {[%clk 0:01:19]} Bb4
{[%clk 0:00:39]} 44. Kg5 {[%clk 0:01:10]} Be7+ {[%clk 0:00:35]} 45. Kf4
{[%clk 0:01:11]} Bf6 {[%clk 0:00:32]} 46. Ra6 {[%clk 0:01:10]} Bc3
{[%clk 0:00:32]} 47. Kg5 {[%clk 0:01:07]} Bd2+ {[%clk 0:00:28]} 48. f4
{[%clk 0:01:06]} Be1 {[%clk 0:00:19]} 49. Rxg6 {[%clk 0:01:03]} Bxg3
{[%clk 0:00:19]} 50. Kxf5 {[%clk 0:00:57]} Bxh4 {[%clk 0:00:19]} 51. Rh6
{[%clk 0:00:55]} Be1 {[%clk 0:00:14]} 52. Rxh5 {[%clk 0:00:56]} Bc3
{[%clk 0:00:14]} 53. Rh7+ {[%clk 0:00:55]} Kf8 {[%clk 0:00:12]} 54. Rb7
{[%clk 0:00:53]} a4 {[%clk 0:00:11]} 55. Ra7 {[%clk 0:00:51]} a3 {[%clk 0:00:12]}
56. Kg6 {[%clk 0:00:48]} Bb2 {[%clk 0:00:14]} 57. f5 {[%clk 0:00:48]} Ke8
{[%clk 0:00:12]} 58. f6 {[%clk 0:00:46]} Kf8 {[%clk 0:00:04]} 59. Ra8#
{[%clk 0:00:46]} 1-0

[Event "C10"]
[Site "?"]
[Date "2020.08.30"]
[Round "9.8"]
[White "Karaszewski, Gabriel"]
[Black "Rozanski, Mateusz"]
[Result "0-1"]
[BlackElo "1343"]
[WhiteElo "1247"]
[LiveChessVersion "1.4.8"]

1. e4 {[%clk 0:03:04]} e5 {[%clk 0:03:03]} 2. Nf3 {[%clk 0:03:05]} Nc6
{[%clk 0:03:04]} 3. Bb5 {[%clk 0:03:06]} Bc5 {[%clk 0:03:04]} 4. c3
{[%clk 0:03:06]} Nf6 {[%clk 0:03:03]} 5. d4 {[%clk 0:03:07]} exd4
{[%clk 0:03:04]} 6. cxd4 {[%clk 0:03:08]} Bb4+ {[%clk 0:03:05]} 7. Bd2
{[%clk 0:03:00]} Bxd2+ {[%clk 0:02:55]} 8. Nbxd2 {[%clk 0:03:01]} O-O
{[%clk 0:02:53]} 9. O-O {[%clk 0:03:02]} d6 {[%clk 0:02:53]} 10. Bxc6
{[%clk 0:02:56]} bxc6 {[%clk 0:02:54]} 11. h3 {[%clk 0:02:57]} Re8
{[%clk 0:02:54]} 12. Re1 {[%clk 0:02:57]} h6 {[%clk 0:02:51]} 13. e5
{[%clk 0:02:50]} dxe5 {[%clk 0:02:51]} 14. dxe5 {[%clk 0:02:52]} Nd5
{[%clk 0:02:52]} 15. Nc4 {[%clk 0:02:45]} Be6 {[%clk 0:02:50]} 16. Rc1
{[%clk 0:02:43]} Nf4 {[%clk 0:02:40]} 17. b3 {[%clk 0:02:35]} Nd3
{[%clk 0:02:41]} 18. Qd2 {[%clk 0:02:27]} Nxe1 {[%clk 0:02:39]} 19. Rxe1
{[%clk 0:02:27]} Bxc4 {[%clk 0:02:40]} 20. bxc4 {[%clk 0:02:27]} Qxd2
{[%clk 0:02:39]} 21. Nxd2 {[%clk 0:02:27]} Rab8 {[%clk 0:02:37]} 22. f4
{[%clk 0:02:18]} Rb2 {[%clk 0:02:34]} 23. Nb3 {[%clk 0:02:07]} Rxa2
{[%clk 0:02:34]} 24. Nc5 {[%clk 0:02:00]} Rb8 {[%clk 0:02:27]} 25. Nd3
{[%clk 0:01:55]} Rb3 {[%clk 0:02:24]} 26. Rd1 {[%clk 0:01:55]} Rc3
{[%clk 0:02:21]} 27. c5 {[%clk 0:01:53]} Rcc2 {[%clk 0:02:18]} 0-1

[Event "C10"]
[Site "?"]
[Date "2020.08.30"]
[Round "9.9"]
[White "Chomicki, Kornel"]
[Black "Suska, Szymon"]
[Result "0-1"]
[BlackElo "1325"]
[WhiteElo "1164"]
[LiveChessVersion "1.4.8"]

1. e4 {[%clk 0:03:03]} c5 {[%clk 0:03:04]} 2. Nc3 {[%clk 0:03:04]} Nc6
{[%clk 0:03:04]} 3. d3 {[%clk 0:03:04]} e6 {[%clk 0:03:04]} 4. Be3
{[%clk 0:03:05]} Nge7 {[%clk 0:03:03]} 5. g3 {[%clk 0:03:06]} d6 {[%clk 0:03:03]}
6. Bg2 {[%clk 0:03:02]} g6 {[%clk 0:02:58]} 7. f4 {[%clk 0:03:02]} Bg7
{[%clk 0:02:59]} 8. Qd2 {[%clk 0:03:02]} d5 {[%clk 0:02:52]} 9. Bf2
{[%clk 0:02:48]} d4 {[%clk 0:02:50]} 10. Nd1 {[%clk 0:02:47]} f5 {[%clk 0:02:41]}
11. e5 {[%clk 0:02:37]} Nd5 {[%clk 0:02:39]} 12. Nf3 {[%clk 0:02:31]} b6
{[%clk 0:02:35]} 13. O-O {[%clk 0:02:23]} Bb7 {[%clk 0:02:35]} 14. h3
{[%clk 0:01:51]} Qd7 {[%clk 0:02:24]} 15. a3 {[%clk 0:01:42]} a6 {[%clk 0:02:22]}
16. Ng5 {[%clk 0:01:41]} h6 {[%clk 0:02:13]} 17. Nf3 {[%clk 0:01:40]} b5
{[%clk 0:02:10]} 18. Re1 {[%clk 0:01:35]} Rc8 {[%clk 0:01:50]} 19. c3
{[%clk 0:01:11]} dxc3 {[%clk 0:01:45]} 20. bxc3 {[%clk 0:01:12]} c4
{[%clk 0:01:40]} 21. d4 {[%clk 0:01:05]} Na5 {[%clk 0:01:36]} 22. Qb2
{[%clk 0:00:52]} Nb3 {[%clk 0:01:36]} 23. Ra2 {[%clk 0:00:46]} Bc6
{[%clk 0:01:21]} 24. Ne3 {[%clk 0:00:37]} Qb7 {[%clk 0:01:16]} 25. Nc2
{[%clk 0:00:20]} Nb6 {[%clk 0:01:15]} 26. Re3 {[%clk 0:00:15]} Nd5
{[%clk 0:01:04]} 27. Re1 {[%clk 0:00:14]} Rd8 {[%clk 0:00:56]} 28. h4
{[%clk 0:00:06]} Nb6 {[%clk 0:00:53]} 29. Re3 {[%clk 0:00:06]} Na4
{[%clk 0:00:54]} 30. Qb1 {[%clk 0:00:05]} Be4 {[%clk 0:00:46]} 31. Qd1
{[%clk 0:00:03]} Kf7 {[%clk 0:00:39]} 32. Nce1 {[%clk 0:00:03]} Nb6
{[%clk 0:00:33]} 33. Nc2 {[%clk 0:00:04]} Nd5 {[%clk 0:00:33]} 34. Re1 Nxc3
{[%clk 0:00:30]} 35. Qe2 {[%clk 0:00:03]} Nxe2+ {[%clk 0:00:29]} 36. Rxe2
{[%clk 0:00:04]} Bxf3 {[%clk 0:00:27]} 37. Bxf3 {[%clk 0:00:04]} Qxf3
{[%clk 0:00:27]} 38. Re3 {[%clk 0:00:06]} Qd1+ {[%clk 0:00:26]} 39. Ne1
{[%clk 0:00:06]} Nxd4 {[%clk 0:00:26]} 40. Kg2 {[%clk 0:00:04]} Qb1
{[%clk 0:00:24]} 41. Rd2 {[%clk 0:00:04]} Nb3 {[%clk 0:00:24]} 42. Rxd8
{[%clk 0:00:04]} Rxd8 {[%clk 0:00:25]} 43. a4 {[%clk 0:00:05]} bxa4
{[%clk 0:00:25]} 44. Rc3 {[%clk 0:00:06]} Rd2 {[%clk 0:00:21]} 45. Kf3
{[%clk 0:00:06]} a3 {[%clk 0:00:19]} 46. Rxc4 {[%clk 0:00:06]} a2
{[%clk 0:00:18]} 47. Rc7+ {[%clk 0:00:07]} Kg8 {[%clk 0:00:18]} 48. Rc8+
{[%clk 0:00:08]} Kh7 {[%clk 0:00:19]} 49. Nc2 {[%clk 0:00:08]} Rxc2
{[%clk 0:00:18]} 50. Rxc2 {[%clk 0:00:09]} Qxc2 {[%clk 0:00:18]} 51. g4
{[%clk 0:00:10]} a1=Q {[%clk 0:00:18]} 52. gxf5 {[%clk 0:00:10]} exf5
{[%clk 0:00:17]} 53. e6 {[%clk 0:00:08]} Qe4+ {[%clk 0:00:18]} 54. Kg3
{[%clk 0:00:09]} Nc1 {[%clk 0:00:13]} 55. e7 {[%clk 0:00:09]} Ne2+
{[%clk 0:00:13]} 56. Kh2 {[%clk 0:00:06]} Qah1# {[%clk 0:00:14]} 0-1

[Event "C10"]
[Site "?"]
[Date "2020.08.30"]
[Round "9.10"]
[White "Hartlinski, Tomasz"]
[Black "Myslowski, Tomasz"]
[Result "1-0"]
[BlackElo "1269"]
[WhiteElo "1124"]
[LiveChessVersion "1.4.8"]

1. e4 {[%clk 0:03:02]} e6 {[%clk 0:03:04]} 2. d4 {[%clk 0:03:03]} d5
{[%clk 0:03:06]} 3. Nd2 {[%clk 0:03:04]} dxe4 {[%clk 0:03:06]} 4. Nxe4
{[%clk 0:03:04]} Nc6 {[%clk 0:03:07]} 5. Nf3 {[%clk 0:03:04]} Nf6
{[%clk 0:03:08]} 6. Bg5 {[%clk 0:03:03]} h6 {[%clk 0:03:07]} 7. Nxf6+
{[%clk 0:03:03]} gxf6 {[%clk 0:03:07]} 8. Be3 {[%clk 0:03:04]} e5
{[%clk 0:03:03]} 9. dxe5 {[%clk 0:03:05]} Qxd1+ {[%clk 0:03:02]} 10. Rxd1
{[%clk 0:03:05]} fxe5 {[%clk 0:03:02]} 11. Bb5 {[%clk 0:03:04]} Bd7
{[%clk 0:03:04]} 12. O-O {[%clk 0:02:52]} O-O-O 13. Bxc6 {[%clk 0:02:47]} Bxc6
{[%clk 0:03:04]} 14. Rxd8+ {[%clk 0:02:39]} Kxd8 {[%clk 0:03:04]} 15. Nxe5
{[%clk 0:02:39]} Be4 {[%clk 0:02:58]} 16. Nxf7+ {[%clk 0:02:39]} Ke7
{[%clk 0:02:56]} 17. Nxh8 {[%clk 0:02:40]} Bg7 {[%clk 0:02:57]} 18. Bc5+
{[%clk 0:02:38]} Ke6 {[%clk 0:02:56]} 19. Re1 {[%clk 0:02:16]} Kd5
{[%clk 0:02:57]} 20. Be3 {[%clk 0:02:08]} Bxh8 {[%clk 0:02:57]} 21. Bxh6
{[%clk 0:02:08]} Bxb2 {[%clk 0:02:57]} 22. f3 {[%clk 0:02:03]} Bd4+
{[%clk 0:02:58]} 23. Kh1 {[%clk 0:02:02]} Bxc2 {[%clk 0:02:55]} 24. Re7
{[%clk 0:02:00]} Bb6 25. Bf4 {[%clk 0:01:55]} Kc6 {[%clk 0:02:57]} 26. h4
{[%clk 0:01:56]} Bg6 {[%clk 0:02:51]} 27. g4 {[%clk 0:01:56]} Bd3 28. h5
{[%clk 0:01:55]} Bc4 {[%clk 0:02:45]} 29. h6 {[%clk 0:01:55]} Bg8
{[%clk 0:02:45]} 30. Rg7 {[%clk 0:01:53]} Bd5 {[%clk 0:02:43]} 31. h7
{[%clk 0:01:51]} Bxf3+ {[%clk 0:02:43]} 32. Kh2 {[%clk 0:01:51]} Bd4 33. h8=Q
{[%clk 0:01:49]} Bxg7 {[%clk 0:02:38]} 34. Qxg7 {[%clk 0:01:49]} Bd5
{[%clk 0:02:38]} 35. Qxc7+ {[%clk 0:01:48]} Kb5 {[%clk 0:02:40]} 36. Qd7+
{[%clk 0:01:40]} Bc6 {[%clk 0:02:40]} 37. Qd3+ {[%clk 0:01:41]} Kb6
{[%clk 0:02:41]} 38. g5 {[%clk 0:01:26]} Be8 {[%clk 0:02:33]} 39. Qd6+
{[%clk 0:01:23]} Kb5 {[%clk 0:02:33]} 40. Qe5+ {[%clk 0:01:22]} Kb6
{[%clk 0:02:32]} 41. Qxe8 {[%clk 0:01:22]} a6 {[%clk 0:02:34]} 42. a4
{[%clk 0:01:11]} Ka5 {[%clk 0:02:35]} 43. Bd2+ {[%clk 0:01:07]} Kb6
{[%clk 0:02:36]} 44. Qe5 {[%clk 0:00:53]} Ka7 {[%clk 0:02:35]} 45. a5
{[%clk 0:00:49]} Ka8 {[%clk 0:02:32]} 46. Qe8+ {[%clk 0:00:49]} Ka7
{[%clk 0:02:33]} 47. Be3+ {[%clk 0:00:50]} b6 {[%clk 0:02:34]} 48. Qd7+
{[%clk 0:00:46]} Ka8 {[%clk 0:02:24]} 49. axb6 {[%clk 0:00:43]} Kb8
{[%clk 0:02:25]} 50. Qc7+ {[%clk 0:00:43]} Ka8 {[%clk 0:02:26]} 51. Qc8#
{[%clk 0:00:43]} 1-0

[Event "C10"]
[Site "?"]
[Date "2020.08.30"]
[Round "10.1"]
[White "Grobelny, Mikolaj"]
[Black "Lecki, Leonard"]
[Result "0-1"]
[BlackElo "1068"]
[WhiteElo "1134"]
[LiveChessVersion "1.4.8"]

1. e4 {[%clk 0:03:02]} e6 {[%clk 0:03:03]} 2. d4 {[%clk 0:03:02]} d5
{[%clk 0:03:05]} 3. Nc3 {[%clk 0:02:50]} Nf6 {[%clk 0:02:59]} 4. Bg5
{[%clk 0:02:36]} Be7 {[%clk 0:02:56]} 5. Bxf6 {[%clk 0:02:30]} Bxf6
{[%clk 0:02:56]} 6. e5 {[%clk 0:02:26]} Be7 {[%clk 0:02:54]} 7. f4
{[%clk 0:02:00]} c5 {[%clk 0:02:52]} 8. Nf3 {[%clk 0:01:59]} Nc6 {[%clk 0:02:51]}
9. Bb5 {[%clk 0:01:44]} Bd7 {[%clk 0:02:51]} 10. Bxc6 {[%clk 0:01:33]} bxc6
{[%clk 0:02:51]} 11. O-O {[%clk 0:01:30]} Rb8 {[%clk 0:02:51]} 12. Rb1
{[%clk 0:00:54]} O-O {[%clk 0:02:50]} 13. Kh1 {[%clk 0:00:48]} cxd4
{[%clk 0:02:49]} 14. Qxd4 {[%clk 0:00:43]} c5 {[%clk 0:02:50]} 15. Qf2
{[%clk 0:00:39]} Bc6 {[%clk 0:02:42]} 16. b3 {[%clk 0:00:25]} Qa5
{[%clk 0:02:40]} 17. Nd1 {[%clk 0:00:14]} Qxa2 {[%clk 0:02:35]} 18. Ne3
{[%clk 0:00:09]} Qa5 {[%clk 0:02:30]} 19. f5 {[%clk 0:00:05]} Rb7
{[%clk 0:02:19]} 20. fxe6 {[%clk 0:00:06]} fxe6 {[%clk 0:02:19]} 21. Qg1
{[%clk 0:00:05]} Qc7 {[%clk 0:02:12]} 22. g4 {[%clk 0:00:04]} d4 {[%clk 0:02:12]}
23. Nc4 Rxf3 {[%clk 0:02:08]} 24. Qg2 {[%clk 0:00:03]} Rxf1+ {[%clk 0:02:06]} 25.
Rxf1 {[%clk 0:00:04]} Bxg2+ {[%clk 0:02:06]} 26. Kxg2 {[%clk 0:00:04]} Qc6+
{[%clk 0:02:03]} 27. Kg3 {[%clk 0:00:04]} Qe4 {[%clk 0:02:01]} 0-1

[Event "C10"]
[Site "?"]
[Date "2020.08.30"]
[Round "10.2"]
[White "Sowinski, Pawel"]
[Black "Wojtacha, Krzysztof"]
[Result "1-0"]
[BlackElo "1445"]
[WhiteElo "1527"]
[LiveChessVersion "1.4.8"]

1. Nf3 {[%clk 0:03:04]} Nf6 {[%clk 0:03:03]} 2. c4 {[%clk 0:03:05]} g6
{[%clk 0:03:03]} 3. d4 {[%clk 0:03:06]} Bg7 {[%clk 0:03:03]} 4. Nc3
{[%clk 0:03:07]} d6 {[%clk 0:03:02]} 5. g3 {[%clk 0:03:05]} O-O {[%clk 0:03:01]}
6. Bg2 {[%clk 0:03:06]} Nbd7 {[%clk 0:03:00]} 7. O-O {[%clk 0:03:04]} e5
{[%clk 0:02:59]} 8. e4 {[%clk 0:02:58]} Re8 {[%clk 0:02:55]} 9. Re1
{[%clk 0:02:47]} exd4 {[%clk 0:02:43]} 10. Nxd4 {[%clk 0:02:46]} Ne5
{[%clk 0:02:41]} 11. b3 {[%clk 0:02:46]} Nc6 {[%clk 0:02:38]} 12. Nxc6
{[%clk 0:02:37]} bxc6 {[%clk 0:02:38]} 13. e5 {[%clk 0:02:28]} Nd7
{[%clk 0:02:32]} 14. Bxc6 {[%clk 0:02:18]} Rb8 {[%clk 0:02:32]} 15. Bb2
{[%clk 0:01:50]} Bxe5 {[%clk 0:02:27]} 16. Rb1 {[%clk 0:01:32]} Bb7
{[%clk 0:02:19]} 17. Bxb7 {[%clk 0:01:33]} Rxb7 {[%clk 0:02:16]} 18. Nd5
{[%clk 0:01:34]} Bxb2 {[%clk 0:02:12]} 19. Rxb2 {[%clk 0:01:34]} Ne5
{[%clk 0:02:05]} 20. Re3 {[%clk 0:01:26]} Nxc4 {[%clk 0:01:57]} 21. Nf6+
{[%clk 0:01:11]} Qxf6 {[%clk 0:01:43]} 22. Rxe8+ {[%clk 0:01:12]} Kg7
{[%clk 0:01:43]} 23. Rc2 {[%clk 0:01:03]} Na3 {[%clk 0:01:43]} 24. Rce2
{[%clk 0:00:57]} Nb5 {[%clk 0:01:38]} 25. Qd5 {[%clk 0:00:55]} Rb6
{[%clk 0:01:22]} 26. Qd3 {[%clk 0:00:50]} Nd4 {[%clk 0:01:11]} 27. R2e3
{[%clk 0:00:51]} Rc6 {[%clk 0:01:08]} 28. R8e4 {[%clk 0:00:49]} Nf5
{[%clk 0:01:05]} 29. Rf3 {[%clk 0:00:48]} Qg5 {[%clk 0:01:01]} 30. h4
{[%clk 0:00:45]} Qh5 {[%clk 0:00:58]} 31. Kg2 {[%clk 0:00:45]} Nh6
{[%clk 0:00:39]} 32. Qd4+ {[%clk 0:00:45]} f6 {[%clk 0:00:18]} 33. Qxf6+
{[%clk 0:00:44]} Kg8 {[%clk 0:00:14]} 34. Qf8# 1-0

[Event "C10"]
[Site "?"]
[Date "2020.08.30"]
[Round "10.4"]
[White "Rozanski, Mateusz"]
[Black "Hartlinski, Tomasz"]
[Result "1-0"]
[BlackElo "1124"]
[WhiteElo "1343"]
[LiveChessVersion "1.4.8"]

1. e4 c5 2. Nf3 e6 3. d4 cxd4 4. Nxd4 Nc6 5. Nb5 d6 6. N1c3 a6 7. Na3 Nf6 8. Bg5
h6 9. Bh4 Be7 10. Bg3 O-O 11. Bd3 Bd7 12. O-O b5 13. Ne2 b4 14. Nc4 Qc7 15. c3
bxc3 16. Nxc3 Na5 17. Ne3 Rfb8 18. Rb1 Bb5 19. Rc1 Bxd3 20. Qxd3 Qd7 21. b3 Nc6
22. Na4 Rb7 23. h3 Rc7 24. Nb6 Qd8 25. Nxa8 Qxa8 26. e5 dxe5 27. Nc4 Nd4 28. Bxe5
Rd7 29. Nb6 Nf3+ 30. Qxf3 Qxf3 31. gxf3 Rb7 32. Nc8 Bf8 33. Rc7 Rb5 34. Bxf6 gxf6
35. Rd1 Rg5+ 36. Kh1 Kg7 37. Rg1 Ba3 38. Rxg5+ fxg5 39. Nb6 Bd6 40. Rd7 Bc5 41.
Nc4 Bxf2 42. Ne5 Kf6 43. Ng4+ Kg6 44. Nxf2 f5 45. Nd3 h5 46. h4 g4 47. f4 g3 48.
Ne5+ Kh6 49. Rd6 g2+ 50. Kg1 a5 51. Rxe6+ Kh7 52. Kxg2 a4 53. b4 a3 54. b5 Kg7
55. b6 Kh7 56. b7 Kg7 57. Rg6+ Kh7 58. Rh6+ Kg7 59. b8=Q Kxh6 60. Qh8# 1-0